00378nam a2200133 a 450000500170000000800410001705000270005810000160008524500830010126000100018430000170019465000180021165000150022920140412111301.0030414s19uu xx 00 eng d aTR(GS 371.3bD744 1988 aDow, Vickie aSpring ahead / :bactivities and games for March, April, May /cby Vickie Dow. c1988. a48 p. ; ill. aReproducibles aActivities